000 00296nam a2200097 a 4500
005 20200930070123.0
008 110823s2004 000 spa d
245 3 _aEl amor de una Dominicana salvó la vida a Bolívar.
260 _aCiudad Trujillo, República Dominicana,
_c[195u].
999 _c32731
_d32731
040 _aDO-SdBNP